[Event "DMP Ekstraliga 2020"]
[Site "Krakow"]
[Date "2020.08.31"]
[Round "6.16"]
[White "Grabarczyk, Miroslaw"]
[Black "Tazbir, Marcin"]
[Result "1/2-1/2"]
[WhiteElo "2368"]
[BlackElo "2510"]
[Annotator "ChessBase"]
[PlyCount "116"]
[EventDate "2020.08.26"]
[EventType "team-tourn"]
[EventCountry "POL"]
[SourceTitle "playchess.com"]
[Source "ChessBase"]
[SourceQuality "1"]
[WhiteTeam "Hetman Plock"]
[BlackTeam "Polonia Wroclaw"]
[TimeControl "30/5400+30:1800+30"]

1. d4 {[%emt 0:00:00]} Nf6 {[%emt 0:00:00]} 2. c4 {[%emt 0:00:00]} g6 {[%emt 0:00:00]} 3. Nf3 {[%emt 0:01:00]} Bg7 {[%emt 0:00:06]} 4. g3 {[%emt 0:00:19]} O-O {[%emt 0:00:05]} 5. Bg2 {[%emt 0:00:07]} d6 {[%emt 0:00:12]} 6. Nc3 {[%emt 0:00:41]} Nbd7 {[%emt 0:00:15]} 7. O-O {[%emt 0:00:44]} e5 {[%emt 0:00:12]} 8. e4 {[%emt 0:02:22]} c6 {[%emt 0:00:08]} 9. h3 {[%emt 0:01:35]} Qa5 {[%emt 0:00:07]} 10. Be3 {[%emt 0:02:32]} b5 {[%emt 0:20:49]} 11. cxb5 {[%emt 0:07:31]} cxb5 {[%emt 0:00:33]} 12. a3 {[%emt 0:00:24]} b4 {[%emt 0:08:31]} 13. axb4 {[%emt 0:01:21]} Qxb4 {[%emt 0:00:56]} 14. Qc2 {[%emt 0:06:32]} a5 {[%emt 0:04:53]} 15. Ra4 {[%emt 0:06:57]} Qb8 {[%emt 0:04:40]} 16. dxe5 {[%emt 0:02:20]} dxe5 {[%emt 0:02:24]} 17. Rfa1 {[%emt 0:03:19]} Qc7 {[%emt 0:02:46]} 18. Nd2 {[%emt 0:04:14]} Nb6 {[%emt 0:04:26]} 19. Rxa5 {[%emt 0:02:00]} Rxa5 {[%emt 0:00:40]} 20. Rxa5 {[%emt 0:00:08]} Be6 {[%emt 0:00:57]} 21. Rc5 {[%emt 0:07:09]} Qd8 {[%emt 0:02:15]} 22. Nb5 {[%emt 0:04:26]} Nfd7 {[%emt 0:05:45]} 23. Rc6 {[%emt 0:03:23]} Na8 {[%emt 0:00:20]} 24. Qa4 {[%emt 0:09:44]} Qb8 {[%emt 0:04:03]} 25. Qa6 {[%emt 0:03:36]} Nf6 {[%emt 0:01:35]} 26. Bc5 {[%emt 0:05:43]} Rc8 {[%emt 0:01:49]} 27. Bd6 {[%emt 0:06:27]} Rxc6 {[%emt 0:01:20]} 28. Qxc6 {[%emt 0:00:05]} Qe8 {[%emt 0:00:30]} 29. Qxe8+ {[%emt 0:01:28]} Nxe8 {[%emt 0:00:02]} 30. Bb8 {[%emt 0:00:57]} Nb6 {[%emt 0:01:55]} 31. Nc7 {[%emt 0:34:24]} Nxc7 {[%emt 0:30:47]} 32. Bxc7 {[%emt 0:00:07]} Na4 {[%emt 0:00:33]} 33. b4 {[%emt 0:01:08]} Bh6 {[%emt 0:01:17]} 34. Nb1 {[%emt 0:02:49]} Ba2 {[%emt 0:02:37]} 35. Na3 {[%emt 0:02:10]} Bf8 {[%emt 0:00:05]} 36. Ba5 {[%emt 0:00:26]} Nc3 {[%emt 0:00:21]} 37. Bf1 {[%emt 0:02:55]} Nxe4 {[%emt 0:03:28]} 38. Bc4 {[%emt 0:00:44]} Nc3 {[%emt 0:01:08]} 39. Ba6 {[%emt 0:03:32]} Nd5 {[%emt 0:01:41]} 40. Bc4 {[%emt 0:00:00]} Nxb4 {[%emt 0:00:00]} 41. Bxb4 {[%emt 0:00:00]} Bxb4 {[%emt 0:00:00]} 42. Bxa2 {[%emt 0:00:00]} Bxa3 {[%emt 0:00:00]} 43. f3 {[%emt 0:00:00]} Kg7 {[%emt 0:00:00]} 44. Kf2 {[%emt 0:00:00]} Bc1 {[%emt 0:00:00]} 45. Bc4 {[%emt 0:00:00]} f5 {[%emt 0:00:00]} 46. Bd5 {[%emt 0:00:00]} Kf6 {[%emt 0:00:00]} 47. Bg8 {[%emt 0:00:00]} Ba3 {[%emt 0:00:00]} 48. f4 {[%emt 0:00:00]} Bc5+ {[%emt 0:00:00]} 49. Ke2 {[%emt 0:00:00]} e4 {[%emt 0:00:00]} 50. h4 {[%emt 0:00:00]} h6 {[%emt 0:00:00]} 51. Bc4 {[%emt 0:00:00]} g5 {[%emt 0:00:00]} 52. hxg5+ {[%emt 0:00:00]} hxg5 {[%emt 0:00:00]} 53. fxg5+ {[%emt 0:00:00]} Kxg5 {[%emt 0:00:00]} 54. Kf1 {[%emt 0:00:00]} Kf6 {[%emt 0:00:00]} 55. Ba6 {[%emt 0:00:00]} Ke5 {[%emt 0:00:00]} 56. Bc8 {[%emt 0:00:00]} Bb6 {[%emt 0:00:00]} 57. Bd7 {[%emt 0:00:00]} Kf6 {[%emt 0:00:00]} 58. Bb5 {[%emt 0:00:00]} f4 {[%emt 0:00:00]} 1/2-1/2

[Event "DMP Ekstraliga 2020"]
[Site "Krakow"]
[Date "2020.08.31"]
[Round "6.17"]
[White "Wieczorek, Oskar"]
[Black "Sabuk, Piotr"]
[Result "1-0"]
[WhiteElo "2493"]
[BlackElo "2377"]
[Annotator "ChessBase"]
[PlyCount "61"]
[EventDate "2020.08.26"]
[EventType "team-tourn"]
[EventCountry "POL"]
[SourceTitle "playchess.com"]
[Source "ChessBase"]
[SourceQuality "1"]
[WhiteTeam "Polonia Wroclaw"]
[BlackTeam "Hetman Plock"]
[TimeControl "30/5400+30:1800+30"]

1. e4 {[%emt 0:00:00]} e6 {[%emt 0:00:00]} 2. d4 {[%emt 0:00:08]} d5 {[%emt 0:00:00]} 3. Nc3 {[%emt 0:00:21]} Bb4 {[%emt 0:00:00]} 4. e5 {[%emt 0:00:07]} c5 {[%emt 0:00:00]} 5. a3 {[%emt 0:00:03]} Bxc3+ {[%emt 0:00:05]} 6. bxc3 {[%emt 0:00:05]} Ne7 {[%emt 0:00:37]} 7. Qg4 {[%emt 0:00:14]} cxd4 {[%emt 0:00:46]} 8. Qxg7 {[%emt 0:02:29]} Rg8 {[%emt 0:00:19]} 9. Qxh7 {[%emt 0:00:07]} Qc7 {[%emt 0:01:43]} 10. Ne2 {[%emt 0:00:13]} Nbc6 {[%emt 0:00:34]} 11. h4 {[%emt 0:00:34]} Bd7 {[%emt 0:05:33]} 12. f4 {[%emt 0:03:32]} dxc3 {[%emt 0:02:01]} 13. h5 {[%emt 0:00:49]} O-O-O {[%emt 0:02:56]} 14. Qd3 {[%emt 0:00:37]} Nf5 {[%emt 0:05:06]} 15. Rg1 {[%emt 0:13:19]} Rg4 {[%emt 0:19:38]} 16. g3 {[%emt 0:05:50]} a6 {[%emt 0:07:53]} 17. Bh3 {[%emt 0:03:08]} Nxe5 {[%emt 0:00:50]} 18. Qxc3 {[%emt 0:25:40]} Qxc3+ {[%emt 0:06:55]} 19. Nxc3 {[%emt 0:00:06]} Nf3+ {[%emt 0:00:53]} 20. Kf2 {[%emt 0:00:54]} Nxg1 {[%emt 0:00:46]} 21. Bxg4 {[%emt 0:00:07]} Rg8 {[%emt 0:07:35]} 22. Bxf5 {[%emt 0:04:11]} exf5 {[%emt 0:02:11]} 23. Nxd5 {[%emt 0:01:43]} Nh3+ {[%emt 0:01:32]} 24. Kg2 {[%emt 0:00:26]} Bc6 {[%emt 0:00:50]} 25. c4 {[%emt 0:00:10]} Rh8 {[%emt 0:00:50]} 26. Kxh3 {[%emt 0:00:51]} Rxh5+ {[%emt 0:00:09]} 27. Kg2 {[%emt 0:00:03]} b5 {[%emt 0:01:20]} 28. Kg1 {[%emt 0:02:19]} Kd8 {[%emt 0:01:46]} 29. Be3 {[%emt 0:07:03]} bxc4 {[%emt 0:00:49]} 30. Rd1 {[%emt 0:00:42]} Rh3 {[%emt 0:02:14]} 31. Nb4+ {[%emt 0:35:09]} 1-0

[Event "DMP Ekstraliga 2020"]
[Site "Krakow"]
[Date "2020.08.31"]
[Round "6.18"]
[White "Bulmaga, Irina"]
[Black "Zawadzka, Jolanta"]
[Result "1-0"]
[WhiteElo "2434"]
[BlackElo "2419"]
[Annotator "ChessBase"]
[PlyCount "143"]
[EventDate "2020.08.26"]
[EventType "team-tourn"]
[EventCountry "POL"]
[SourceTitle "playchess.com"]
[Source "ChessBase"]
[SourceQuality "1"]
[WhiteTeam "Hetman Plock"]
[BlackTeam "Polonia Wroclaw"]
[TimeControl "30/5400+30:1800+30"]

1. e4 {[%emt 0:00:00]} e5 {[%emt 0:00:00]} 2. Nf3 {[%emt 0:00:00]} Nf6 {[%emt 0:00:00]} 3. d4 {[%emt 0:00:04]} Nxe4 {[%emt 0:00:00]} 4. Bd3 {[%emt 0:00:08]} Nc6 {[%emt 0:00:08]} 5. O-O {[%emt 0:08:38]} d5 {[%emt 0:03:33]} 6. dxe5 {[%emt 0:01:07]} Bg4 {[%emt 0:07:31]} 7. Nc3 {[%emt 0:25:19]} Nxc3 {[%emt 0:09:30]} 8. bxc3 {[%emt 0:00:05]} Be7 {[%emt 0:03:25]} 9. Re1 {[%emt 0:03:38]} O-O {[%emt 0:06:30]} 10. h3 {[%emt 0:00:10]} Bh5 {[%emt 0:06:16]} 11. Rb1 {[%emt 0:00:10]} Rb8 {[%emt 0:07:07]} 12. Rb5 {[%emt 0:05:42]} Kh8 {[%emt 0:11:35]} 13. Bf5 {[%emt 0:04:28]} d4 {[%emt 0:09:34]} 14. g4 {[%emt 0:01:45]} Bg6 {[%emt 0:01:11]} 15. Nxd4 {[%emt 0:11:15]} Nxd4 {[%emt 0:05:06]} 16. Qxd4 {[%emt 0:01:15]} Bxf5 {[%emt 0:00:34]} 17. gxf5 {[%emt 0:00:55]} Qc8 {[%emt 0:02:19]} 18. Qe4 {[%emt 0:06:12]} c6 {[%emt 0:02:42]} 19. Rb3 {[%emt 0:02:22]} Qc7 {[%emt 0:01:09]} 20. c4 {[%emt 0:00:42]} Qa5 {[%emt 0:03:19]} 21. Rg3 {[%emt 0:04:02]} Rbd8 {[%emt 0:01:52]} 22. Bb2 {[%emt 0:03:09]} Rg8 {[%emt 0:02:52]} 23. Bc3 {[%emt 0:07:51]} Bb4 {[%emt 0:02:36]} 24. Bxb4 {[%emt 0:00:27]} Qxb4 {[%emt 0:00:03]} 25. e6 {[%emt 0:00:36]} Qe7 {[%emt 0:03:14]} 26. Rd3 {[%emt 0:09:44]} g6 {[%emt 0:06:34]} 27. Rxd8 {[%emt 0:00:24]} Rxd8 {[%emt 0:00:16]} 28. fxg6 {[%emt 0:01:36]} fxe6 {[%emt 0:01:23]} 29. gxh7 {[%emt 0:01:34]} Re8 {[%emt 0:01:19]} 30. Re3 {[%emt 0:00:24]} e5 {[%emt 0:01:58]} 31. Kh1 {[%emt 0:30:45]} Qxh7 {[%emt 0:30:35]} 32. f4 {[%emt 0:00:37]} Qh5 {[%emt 0:00:37]} 33. fxe5 {[%emt 0:00:47]} Rd8 {[%emt 0:00:47]} 34. Qg4 {[%emt 0:00:37]} Qh6 {[%emt 0:00:35]} 35. Rg3 {[%emt 0:00:26]} c5 {[%emt 0:00:42]} 36. e6 {[%emt 0:00:19]} Re8 {[%emt 0:00:24]} 37. Qg6 {[%emt 0:00:41]} Qxg6 {[%emt 0:00:21]} 38. Rxg6 {[%emt 0:00:01]} Kh7 {[%emt 0:00:24]} 39. Rf6 {[%emt 0:00:11]} b6 {[%emt 0:00:33]} 40. a4 {[%emt 0:00:00]} Kg7 {[%emt 0:00:00]} 41. Rf7+ {[%emt 0:00:00]} Kg6 {[%emt 0:00:00]} 42. Rxa7 {[%emt 0:00:00]} Rxe6 {[%emt 0:00:00]} 43. a5 {[%emt 0:00:00]} bxa5 {[%emt 0:00:00]} 44. Rxa5 {[%emt 0:00:00]} Re5 {[%emt 0:00:00]} 45. Kg2 {[%emt 0:00:00]} Kf6 {[%emt 0:00:00]} 46. Kf3 {[%emt 0:00:00]} Rf5+ {[%emt 0:00:00]} 47. Ke4 {[%emt 0:00:00]} Re5+ {[%emt 0:00:00]} 48. Kd3 {[%emt 0:00:00]} Rh5 {[%emt 0:00:00]} 49. Kd2 {[%emt 0:00:00]} Rxh3 {[%emt 0:00:00]} 50. Rxc5 {[%emt 0:00:00]} Ke6 {[%emt 0:00:00]} 51. Rd5 {[%emt 0:00:00]} Rg3 {[%emt 0:00:00]} 52. Rd3 {[%emt 0:00:00]} Rg8 {[%emt 0:00:00]} 53. Kc3 {[%emt 0:00:00]} Rc8 {[%emt 0:00:00]} 54. Rd5 {[%emt 0:00:00]} Rb8 {[%emt 0:00:00]} 55. Kd4 {[%emt 0:00:00]} Rh8 {[%emt 0:00:00]} 56. Kc5 {[%emt 0:00:00]} Rc8+ {[%emt 0:00:00]} 57. Kb4 {[%emt 0:00:00]} Rb8+ {[%emt 0:00:00]} 58. Rb5 {[%emt 0:00:00]} Rh8 {[%emt 0:01:12]} 59. Rb7 {[%emt 0:00:57]} Rh2 {[%emt 0:05:27]} 60. Kb5 {[%emt 0:02:01]} Rxc2 {[%emt 0:00:58]} 61. c5 {[%emt 0:00:10]} Rc1 {[%emt 0:01:19]} 62. Kb6 {[%emt 0:01:04]} Rb1+ {[%emt 0:01:16]} 63. Kc7 {[%emt 0:00:08]} Rc1 {[%emt 0:00:44]} 64. c6 {[%emt 0:01:34]} Rh1 {[%emt 0:00:10]} 65. Rb2 {[%emt 0:00:46]} Rc1 {[%emt 0:00:24]} 66. Rd2 {[%emt 0:01:08]} Ke7 {[%emt 0:00:12]} 67. Re2+ {[%emt 0:00:05]} Kf7 {[%emt 0:00:07]} 68. Kd7 {[%emt 0:00:07]} Rd1+ {[%emt 0:00:03]} 69. Kc8 {[%emt 0:00:06]} Rc1 {[%emt 0:00:09]} 70. c7 {[%emt 0:00:06]} Kf6 {[%emt 0:00:16]} 71. Re8 {[%emt 0:00:22]} Kf7 {[%emt 0:00:17]} 72. Rd8 {[%emt 0:00:34]} 1-0

[Event "DMP Ekstraliga 2020"]
[Site "Krakow"]
[Date "2020.08.31"]
[Round "6.19"]
[White "Huschenbeth, Niclas"]
[Black "Moranda, Wojciech"]
[Result "0-1"]
[WhiteElo "2605"]
[BlackElo "2605"]
[Annotator "ChessBase"]
[PlyCount "106"]
[EventDate "2020.08.26"]
[EventType "team-tourn"]
[EventCountry "POL"]
[SourceTitle "playchess.com"]
[Source "ChessBase"]
[SourceQuality "1"]
[WhiteTeam "Silesia Raciborz"]
[BlackTeam "Wieza Pegow"]
[TimeControl "30/5400+30:1800+30"]

1. e4 {[%emt 0:00:00]} c5 {[%emt 0:00:00]} 2. Nf3 {[%emt 0:00:00]} e6 {[%emt 0:00:05]} 3. d4 {[%emt 0:00:00]} cxd4 {[%emt 0:00:14]} 4. Nxd4 {[%emt 0:00:00]} Nc6 {[%emt 0:00:16]} 5. Nc3 {[%emt 0:00:00]} Qc7 {[%emt 0:00:20]} 6. Be3 {[%emt 0:00:00]} a6 {[%emt 0:00:16]} 7. Qf3 {[%emt 0:00:04]} Nf6 {[%emt 0:00:21]} 8. Nxc6 {[%emt 0:00:06]} bxc6 {[%emt 0:03:42]} 9. Qg3 {[%emt 0:01:05]} Qxg3 {[%emt 0:06:07]} 10. hxg3 {[%emt 0:00:04]} Rb8 {[%emt 0:01:27]} 11. b3 {[%emt 0:00:27]} d5 {[%emt 0:12:12]} 12. Bd3 {[%emt 0:00:17]} Bb4 {[%emt 0:08:36]} 13. Bd2 {[%emt 0:00:06]} h6 {[%emt 0:03:01]} 14. f3 {[%emt 0:02:35]} Nd7 {[%emt 0:09:29]} 15. Na4 {[%emt 0:13:40]} Bd6 {[%emt 0:05:04]} 16. g4 {[%emt 0:03:25]} f6 {[%emt 0:05:42]} 17. g5 {[%emt 0:08:51]} fxg5 {[%emt 0:00:38]} 18. Bxg5 {[%emt 0:00:45]} Kf7 {[%emt 0:06:33]} 19. Be3 {[%emt 0:02:05]} Bb7 {[%emt 0:02:30]} 20. f4 {[%emt 0:05:49]} c5 {[%emt 0:08:14]} 21. e5 {[%emt 0:15:11]} Be7 {[%emt 0:00:25]} 22. O-O {[%emt 0:00:11]} g6 {[%emt 0:04:11]} 23. c4 {[%emt 0:02:31]} d4 {[%emt 0:02:24]} 24. Bd2 {[%emt 0:00:10]} h5 {[%emt 0:04:53]} 25. Kh2 {[%emt 0:10:26]} Rbf8 {[%emt 0:01:34]} 26. g3 {[%emt 0:03:39]} Rhg8 {[%emt 0:04:55]} 27. Rae1 {[%emt 0:00:54]} Ke8 {[%emt 0:01:05]} 28. Nb2 {[%emt 0:02:16]} Kd8 {[%emt 0:00:57]} 29. Bc2 {[%emt 0:07:15]} Kc8 {[%emt 0:05:01]} 30. a3 {[%emt 0:07:00]} Bd8 {[%emt 0:01:37]} 31. b4 {[%emt 0:30:35]} h4 {[%emt 0:31:11]} 32. g4 {[%emt 0:00:59]} g5 {[%emt 0:00:17]} 33. Kh3 {[%emt 0:03:02]} gxf4 {[%emt 0:00:38]} 34. Bxf4 {[%emt 0:02:49]} cxb4 {[%emt 0:00:45]} 35. axb4 {[%emt 0:00:40]} Bg2+ {[%emt 0:00:09]} 36. Kxg2 {[%emt 0:00:04]} Rxg4+ {[%emt 0:00:04]} 37. Kh2 {[%emt 0:08:17]} Rgxf4 {[%emt 0:00:38]} 38. Rxf4 {[%emt 0:00:04]} Rxf4 {[%emt 0:00:05]} 39. Nd3 {[%emt 0:00:07]} Rf3 {[%emt 0:01:03]} 40. Re4 {[%emt 0:00:00]} Re3 {[%emt 0:00:00]} 41. Rxe3 {[%emt 0:00:00]} dxe3 {[%emt 0:00:00]} 42. Bd1 {[%emt 0:00:00]} Nxe5 {[%emt 0:00:00]} 43. Nxe5 {[%emt 0:02:39]} Bc7 {[%emt 0:00:00]} 44. Kg2 {[%emt 0:01:48]} Bxe5 {[%emt 0:00:00]} 45. Bg4 {[%emt 0:00:02]} Bc3 {[%emt 0:00:00]} 46. Bxe6+ {[%emt 0:01:01]} Kc7 {[%emt 0:00:00]} 47. Kf3 {[%emt 0:00:06]} Bxb4 {[%emt 0:00:00]} 48. Kxe3 {[%emt 0:00:06]} Bc5+ {[%emt 0:00:00]} 49. Kf3 {[%emt 0:02:46]} a5 {[%emt 0:00:00]} 50. Bf5 {[%emt 0:00:25]} a4 {[%emt 0:00:00]} 51. Kg4 {[%emt 0:00:16]} a3 {[%emt 0:00:00]} 52. Bb1 {[%emt 0:00:03]} Kd6 {[%emt 0:00:00]} 53. Kxh4 {[%emt 0:00:11]} Ke5 {[%emt 0:00:00]} 0-1

[Event "DMP Ekstraliga 2020"]
[Site "Krakow"]
[Date "2020.08.31"]
[Round "6.20"]
[White "Dziuba, Marcin"]
[Black "Nasuta, Grzegorz"]
[Result "1/2-1/2"]
[WhiteElo "2590"]
[BlackElo "2553"]
[Annotator "ChessBase"]
[PlyCount "59"]
[EventDate "2020.08.26"]
[EventType "team-tourn"]
[EventCountry "POL"]
[SourceTitle "playchess.com"]
[Source "ChessBase"]
[SourceQuality "1"]
[WhiteTeam "Wieza Pegow"]
[BlackTeam "Silesia Raciborz"]
[TimeControl "30/5400+30:1800+30"]

1. d4 {[%emt 0:00:24]} d5 {[%emt 0:00:00]} 2. c4 {[%emt 0:00:04]} c6 {[%emt 0:00:00]} 3. Nf3 {[%emt 0:00:07]} Nf6 {[%emt 0:00:00]} 4. e3 {[%emt 0:00:05]} e6 {[%emt 0:00:33]} 5. Bd3 {[%emt 0:02:52]} dxc4 {[%emt 0:00:26]} 6. Bxc4 {[%emt 0:00:05]} Nbd7 {[%emt 0:00:21]} 7. O-O {[%emt 0:01:25]} Bd6 {[%emt 0:01:19]} 8. Qc2 {[%emt 0:00:21]} O-O {[%emt 0:04:42]} 9. e4 {[%emt 0:00:36]} e5 {[%emt 0:00:44]} 10. Be3 {[%emt 0:00:24]} Qe7 {[%emt 0:15:53]} 11. Nbd2 {[%emt 0:07:07]} exd4 {[%emt 0:16:27]} 12. Bxd4 {[%emt 0:05:12]} Ne5 {[%emt 0:00:23]} 13. Rae1 {[%emt 0:25:43]} Nxc4 {[%emt 0:13:24]} 14. Nxc4 {[%emt 0:05:41]} Bb4 {[%emt 0:03:01]} 15. Re3 {[%emt 0:01:27]} Be6 {[%emt 0:00:39]} 16. a3 {[%emt 0:09:42]} Bc5 {[%emt 0:02:01]} 17. b4 {[%emt 0:04:57]} Bxd4 {[%emt 0:00:21]} 18. Nxd4 {[%emt 0:00:04]} Rad8 {[%emt 0:11:48]} 19. Nxe6 {[%emt 0:02:09]} Qxe6 {[%emt 0:07:55]} 20. e5 {[%emt 0:02:22]} Nd5 {[%emt 0:02:51]} 21. Rh3 {[%emt 0:01:47]} Qg6 {[%emt 0:06:39]} 22. Qxg6 {[%emt 0:00:39]} hxg6 {[%emt 0:06:01]} 23. f4 {[%emt 0:01:40]} f6 {[%emt 0:00:06]} 24. Rhf3 {[%emt 0:07:23]} Rfe8 {[%emt 0:02:20]} 25. Re1 {[%emt 0:00:57]} Nb6 {[%emt 0:01:38]} 26. Na5 {[%emt 0:03:20]} Re7 {[%emt 0:00:06]} 27. Rfe3 {[%emt 0:01:21]} Nd5 {[%emt 0:01:53]} 28. Re4 {[%emt 0:00:34]} Nc3 {[%emt 0:00:21]} 29. Rc4 {[%emt 0:01:33]} Rd3 {[%emt 0:00:06]} 30. Kf2 {[%emt 0:09:29]} 1/2-1/2

[Event "DMP Ekstraliga 2020"]
[Site "Krakow"]
[Date "2020.08.31"]
[Round "6.21"]
[White "Markowski, Tomasz"]
[Black "Hnydiuk, Aleksander"]
[Result "1-0"]
[WhiteElo "2548"]
[BlackElo "2411"]
[Annotator "ChessBase"]
[PlyCount "87"]
[EventDate "2020.08.26"]
[EventType "team-tourn"]
[EventCountry "POL"]
[SourceTitle "playchess.com"]
[Source "ChessBase"]
[SourceQuality "1"]
[WhiteTeam "Silesia Raciborz"]
[BlackTeam "Wieza Pegow"]
[TimeControl "30/5400+30:1800+30"]

1. c4 {[%emt 0:00:00]} Nf6 {[%emt 0:07:17]} 2. g3 {[%emt 0:00:00]} c5 {[%emt 0:02:16]} 3. Bg2 {[%emt 0:00:00]} d5 {[%emt 0:00:10]} 4. cxd5 {[%emt 0:00:11]} Nxd5 {[%emt 0:00:05]} 5. Nc3 {[%emt 0:00:05]} Nc7 {[%emt 0:01:09]} 6. Qb3 {[%emt 0:00:26]} Nc6 {[%emt 0:00:28]} 7. Bxc6+ {[%emt 0:00:17]} bxc6 {[%emt 0:00:03]} 8. Nf3 {[%emt 0:00:19]} f6 {[%emt 0:00:51]} 9. d3 {[%emt 0:00:18]} e5 {[%emt 0:00:08]} 10. Qa4 {[%emt 0:02:39]} Qd7 {[%emt 0:24:02]} 11. Be3 {[%emt 0:01:56]} Rb8 {[%emt 0:06:03]} 12. O-O {[%emt 0:10:23]} Ne6 {[%emt 0:01:26]} 13. b3 {[%emt 0:06:49]} Be7 {[%emt 0:01:34]} 14. Rac1 {[%emt 0:03:11]} Nd4 {[%emt 0:03:28]} 15. Bxd4 {[%emt 0:01:44]} cxd4 {[%emt 0:00:06]} 16. Ne4 {[%emt 0:00:17]} Rb5 {[%emt 0:02:10]} 17. Rc2 {[%emt 0:02:42]} Bb7 {[%emt 0:15:47]} 18. Rfc1 {[%emt 0:03:07]} Qd5 {[%emt 0:08:07]} 19. Qc4 {[%emt 0:07:41]} Ba3 {[%emt 0:03:43]} 20. Qxd5 {[%emt 0:04:21]} Rxd5 {[%emt 0:04:06]} 21. Rb1 {[%emt 0:01:04]} a5 {[%emt 0:02:12]} 22. Nfd2 {[%emt 0:02:23]} Kf7 {[%emt 0:04:38]} 23. b4 {[%emt 0:06:14]} Ba8 {[%emt 0:05:23]} 24. Nc4 {[%emt 0:04:03]} Bxb4 {[%emt 0:01:02]} 25. Nb6 {[%emt 0:00:13]} Rb5 {[%emt 0:02:16]} 26. Nxa8 {[%emt 0:00:08]} Rxa8 {[%emt 0:00:02]} 27. Rxc6 {[%emt 0:00:05]} Rab8 {[%emt 0:00:26]} 28. a4 {[%emt 0:03:17]} R5b6 {[%emt 0:01:10]} 29. Rc7+ {[%emt 0:02:31]} Kg6 {[%emt 0:00:21]} 30. g4 {[%emt 0:00:30]} Bf8 {[%emt 0:01:54]} 31. Rxb6 {[%emt 0:30:37]} Rxb6 {[%emt 0:30:02]} 32. Ra7 {[%emt 0:00:03]} Rb2 {[%emt 0:02:47]} 33. Ng3 {[%emt 0:02:23]} Bb4 {[%emt 0:00:42]} 34. Nf5 {[%emt 0:07:51]} Bf8 {[%emt 0:00:19]} 35. Ng3 {[%emt 0:01:26]} Bb4 {[%emt 0:00:36]} 36. Kf1 {[%emt 0:00:53]} Rb1+ {[%emt 0:00:11]} 37. Kg2 {[%emt 0:00:05]} Rb2 {[%emt 0:00:04]} 38. Kf3 {[%emt 0:00:53]} Ra2 {[%emt 0:00:25]} 39. Nf5 {[%emt 0:00:49]} Bf8 {[%emt 0:00:12]} 40. Rxa5 {[%emt 0:00:00]} h5 {[%emt 0:00:00]} 41. h3 {[%emt 0:00:00]} e4+ {[%emt 0:00:00]} 42. dxe4 {[%emt 0:00:00]} Ra3+ {[%emt 0:00:00]} 43. Kg2 {[%emt 0:00:00]} hxg4 {[%emt 0:00:00]} 44. hxg4 {[%emt 0:00:00]} 1-0

[Event "DMP Ekstraliga 2020"]
[Site "Krakow"]
[Date "2020.08.31"]
[Round "6.22"]
[White "Zilka, Stepan"]
[Black "Krzyzanowski, Marcin"]
[Result "1-0"]
[WhiteElo "2564"]
[BlackElo "2518"]
[Annotator "ChessBase"]
[PlyCount "91"]
[EventDate "2020.08.26"]
[EventType "team-tourn"]
[EventCountry "POL"]
[SourceTitle "playchess.com"]
[Source "ChessBase"]
[SourceQuality "1"]
[WhiteTeam "Wieza Pegow"]
[BlackTeam "Silesia Raciborz"]
[TimeControl "30/5400+30:1800+30"]

1. d4 {[%emt 0:00:00]} Nf6 {[%emt 0:00:00]} 2. c4 {[%emt 0:00:00]} g6 {[%emt 0:00:00]} 3. Nc3 {[%emt 0:00:00]} Bg7 {[%emt 0:00:00]} 4. e4 {[%emt 0:00:00]} d6 {[%emt 0:00:00]} 5. h3 {[%emt 0:00:34]} O-O {[%emt 0:00:36]} 6. Be3 {[%emt 0:00:30]} c5 {[%emt 0:04:19]} 7. d5 {[%emt 0:00:05]} e6 {[%emt 0:00:18]} 8. Bd3 {[%emt 0:00:18]} exd5 {[%emt 0:00:24]} 9. exd5 {[%emt 0:00:08]} Na6 {[%emt 0:04:02]} 10. Nf3 {[%emt 0:00:53]} Nc7 {[%emt 0:00:19]} 11. a4 {[%emt 0:00:18]} Na6 {[%emt 0:01:11]} 12. O-O {[%emt 0:00:08]} Nb4 {[%emt 0:00:04]} 13. Bb1 {[%emt 0:00:03]} Re8 {[%emt 0:01:35]} 14. Ra3 {[%emt 0:01:21]} a6 {[%emt 0:04:17]} 15. Qd2 {[%emt 0:01:28]} Bd7 {[%emt 0:08:14]} 16. Bg5 {[%emt 0:00:15]} Qc7 {[%emt 0:10:02]} 17. Qf4 {[%emt 0:04:19]} Nh5 {[%emt 0:02:42]} 18. Qh2 {[%emt 0:00:01]} f5 {[%emt 0:02:12]} 19. Kh1 {[%emt 0:02:57]} Rab8 {[%emt 0:17:55]} 20. Rg1 {[%emt 0:01:33]} Nf6 {[%emt 0:11:40]} 21. Bf4 {[%emt 0:19:30]} Bf8 {[%emt 0:00:13]} 22. a5 {[%emt 0:00:01]} b5 {[%emt 0:05:33]} 23. axb6 {[%emt 0:00:06]} Rxb6 {[%emt 0:00:41]} 24. Nd1 {[%emt 0:03:21]} Bg7 {[%emt 0:02:40]} 25. Bc1 {[%emt 0:01:45]} Rbb8 {[%emt 0:02:09]} 26. Ne3 {[%emt 0:02:18]} Re7 {[%emt 0:03:39]} 27. g4 {[%emt 0:00:52]} fxg4 {[%emt 0:00:31]} 28. Nxg4 {[%emt 0:06:08]} Nxg4 {[%emt 0:09:01]} 29. hxg4 {[%emt 0:00:10]} Rbe8 {[%emt 0:00:04]} 30. Bf4 {[%emt 0:07:22]} Be5 {[%emt 0:07:32]} 31. Bxe5 {[%emt 0:34:37]} dxe5 {[%emt 0:30:04]} 32. Ng5 {[%emt 0:00:04]} Qb6 {[%emt 0:00:48]} 33. Rh3 {[%emt 0:02:36]} Qf6 {[%emt 0:00:56]} 34. Ne4 {[%emt 0:01:50]} Qf8 {[%emt 0:01:28]} 35. Nxc5 {[%emt 0:02:48]} Qf4 {[%emt 0:00:04]} 36. Be4 {[%emt 0:06:37]} Rc8 {[%emt 0:00:53]} 37. Qxf4 {[%emt 0:04:09]} exf4 {[%emt 0:00:02]} 38. Nxd7 {[%emt 0:01:18]} Rxd7 {[%emt 0:00:06]} 39. b3 {[%emt 0:04:11]} a5 {[%emt 0:02:35]} 40. Ra1 {[%emt 0:00:00]} Rc5 {[%emt 0:00:00]} 41. Rf3 {[%emt 0:00:00]} Rf7 {[%emt 0:00:00]} 42. Kg2 {[%emt 0:00:00]} Kf8 {[%emt 0:00:00]} 43. Rc3 {[%emt 0:00:00]} Ke7 {[%emt 0:00:00]} 44. Rcc1 {[%emt 0:00:00]} Kd6 {[%emt 0:00:00]} 45. Re1 {[%emt 0:00:00]} Na6 {[%emt 0:00:00]} 46. Bxg6 {[%emt 0:00:00]} 1-0

[Event "DMP Ekstraliga 2020"]
[Site "Krakow"]
[Date "2020.08.31"]
[Round "6.23"]
[White "Jakubowski, Krzysztof"]
[Black "Plat, Vojtech"]
[Result "1/2-1/2"]
[WhiteElo "2481"]
[BlackElo "2566"]
[Annotator "ChessBase"]
[PlyCount "36"]
[EventDate "2020.08.26"]
[EventType "team-tourn"]
[EventCountry "POL"]
[SourceTitle "playchess.com"]
[Source "ChessBase"]
[SourceQuality "1"]
[WhiteTeam "Silesia Raciborz"]
[BlackTeam "Wieza Pegow"]
[TimeControl "30/5400+30:1800+30"]

1. e4 {[%emt 0:00:00]} d6 {[%emt 0:00:07]} 2. d4 {[%emt 0:00:03]} Nf6 3. f3 {[%emt 0:00:17]} g6 {[%emt 0:00:15]} 4. Nc3 {[%emt 0:01:40]} Bg7 {[%emt 0:00:04]} 5. Be3 {[%emt 0:00:07]} Nc6 {[%emt 0:00:23]} 6. Nge2 {[%emt 0:01:01]} e5 {[%emt 0:00:24]} 7. d5 {[%emt 0:00:25]} Ne7 {[%emt 0:00:07]} 8. Qd2 {[%emt 0:02:17]} c6 {[%emt 0:00:41]} 9. O-O-O {[%emt 0:01:11]} cxd5 {[%emt 0:01:47]} 10. exd5 {[%emt 0:00:55]} Nf5 {[%emt 0:00:07]} 11. g4 {[%emt 0:04:00]} Nxe3 {[%emt 0:02:53]} 12. Qxe3 {[%emt 0:00:06]} Qb6 {[%emt 0:03:50]} 13. Qxb6 {[%emt 0:05:41]} axb6 {[%emt 0:00:56]} 14. Kb1 {[%emt 0:03:25]} Bd7 {[%emt 0:01:49]} 15. Ng3 {[%emt 0:01:16]} Ke7 {[%emt 0:03:16]} 16. h4 {[%emt 0:03:10]} h6 {[%emt 0:01:08]} 17. Bb5 {[%emt 0:32:36]} Ra5 {[%emt 0:03:54]} 18. Bxd7 {[%emt 0:01:16]} Kxd7 {[%emt 0:00:07]} 1/2-1/2